| 000 | 01316cam a2200229 4500 | ||
|---|---|---|---|
| 001 | ##L135403 | ||
| 008 | 061023n2006 000 0 eng u | ||
| 035 | _a(Sirsi) u135403 | ||
| 041 | 0 | _aeng | |
| 050 | 0 | 4 | _a711.1 $2 18 |
| 110 | 1 |
_aUnited Kingdom _bDepartment of Trade and Industry |
|
| 245 | 0 | 0 | _aConsultation on improving public participation provisions in environmental impact assessment regulations for energy infrastructure |
| 260 |
_aLondon _bDTI _c2006 |
||
| 520 | _aSeeks comments from developers and others on revised requirements relating to the Environmental Impact Assessment (EIA) of projects. Revisions to EIA requirements have arisen on a EU wide basis as a result of Directive 2003/35/EC, the Public Participation or Aarhus directive. This particular consultation covers proposed changes to a number of regimes administered by the DTI. Concerning power stations and overhead lines, gas transporter pipelines and commercial pipelines. Comments are to be received by 2 January 2007. | ||
| 590 | _aIKA311006 | ||
| 650 | 2 | 4 | _aDIRECTIVE 2003/35/EC |
| 650 | 2 | 4 | _aDIRECTIVE 97/11/EC |
| 650 | 2 | 4 | _aDIRECTIVE 85/337/EC |
| 651 | 0 | 4 |
_aEngland and Wales _y1543- |
| 856 | 4 | 0 |
_uhttps://www.dti.gov.uk/consultations/page34348.html _zView the consultation free of charge at www.dti.gov.uk.. |
| 942 | _n0 | ||
| 999 |
_c106045 _d106045 |
||